000 00797nam a2200229Ii 4500
003 JO-AjNU
008 230605s9999||||xx |||||||||||||| ||und||
017 _a1998/2410
020 _a977-5499-42-9
040 _aJO-AjNU
_bara
_erda
_cJO-AjNU
041 _aara
050 1 4 _aPN1995.25.H54 1998
100 3 _aحجاب،محمد منير,
_eauthor
_913266
245 0 0 _aالمحتوى الثقافي والتربوي للفيلم السينمائي
250 _aط1
264 3 1 _aالقاهرة: دار الفجر للنشر والتوزيع، 1998
300 _a123ص
336 _atext
_btxt
_2rdacontent
337 _aunmediated
_bn
_2rdamedia
338 _avolume
_bnc
_2rdacarrier
650 4 _aالسينما - أفلام - محتوى ثقافي وتربوي - تاريخ ونقد
_913267
999 _aA3258
_c6826
_d6826